The Case of a Newly Implemented Modern Management Accounting System in a Multinational Manufacturing Company (Record no. 307868)
[ view plain ]
| 000 -LEADER | |
|---|---|
| fixed length control field | 00446nam a2200109Ia 4500 |
| 008 - FIXED-LENGTH DATA ELEMENTS--GENERAL INFORMATION | |
| fixed length control field | 170221s9999 xx 000 0 und d |
| 100 ## - MAIN ENTRY--PERSONAL NAME | |
| Personal name | Daniel Watts |
| 245 #4 - TITLE STATEMENT | |
| Title | The Case of a Newly Implemented Modern Management Accounting System in a Multinational Manufacturing Company |
| 245 ## - TITLE STATEMENT | |
| Statement of responsibility, etc | Daniel Watts, P.W. Senarath Yapa, and Steven Dellaportas |
| 650 ## - SUBJECT ADDED ENTRY--TOPICAL TERM | |
| General subdivision | Business |
| 856 ## - ELECTRONIC LOCATION AND ACCESS | |
| Uniform Resource Identifier | <a href="http://ro.uow.edu.au/cgi/viewcontent.cgi?article=1483&context=aabfj">http://ro.uow.edu.au/cgi/viewcontent.cgi?article=1483&context=aabfj</a> |
| Withdrawn status | Lost status | Damaged status | Home library | Current library | Date acquired | Total Checkouts | Date last seen | Price effective from | Koha item type |
|---|---|---|---|---|---|---|---|---|---|
| College Library | College Library | 02/21/2017 | 02/21/2017 | 02/21/2017 | Foreign e-journal articles |